| 000 | 01190nam a2200229 a 4500 | ||
|---|---|---|---|
| 001 | 000045582 | ||
| 003 | DO-SdBNP | ||
| 005 | 20250306142046.0 | ||
| 008 | 150415s1991 dr 000 0 spa d | ||
| 040 |
_aDO-SdBNP _bspa _cBNPHU |
||
| 082 |
_axxxx _bxxxx |
||
| 110 | 1 |
_aUniversidad Autónoma de Santo Domingo _bFacultad de Ciencias Económicas y Sociales _972951 |
|
| 245 | 1 | 0 |
_aSegundo informe cuatrimestral 1991 : _banálisis coyuntural de la economía dominicana, periodo mayo-agosto de 1991 / _cpresentacion ; Edylberto Cabral Ramírez. |
| 260 |
_aSanto Domingo : _bUniversitaria-UASD, _c1991. |
||
| 300 |
_a40 p. ; _c21 cm. |
||
| 500 | _aPerteneció a la biblioteca personal de Erick Landestoy. | ||
| 500 | _aIncluye referencias bibliográficas y notas al pie de las páginas. | ||
| 505 | 0 |
_aAnálisis coyuntural de la economía dominicana -- _tPolítica del sector privado -- _tComportamiento de las finanzas públicas -- _tSector externo -- _tSector agropecuario -- _tLos ajustes y sus efectos en el sector agropecuario -- _tSituación enérgetica. |
|
| 700 | 1 | 2 |
_aCabral Ramírez, Edylberto, _epres. _919529 |
| 710 | 1 | 2 |
_aUniversidad Autónoma de Santo Domingo _972951 |
| 942 |
_2ddc _cLF2 |
||
| 999 |
_c45071 _d45071 |
||